Obras completas: en prosa y verso

Gespeichert in:
Bibliographische Detailangaben
1. Verfasser: Verlaine, Paul Marie 1844-1896 (VerfasserIn)
Format: Buch
Sprache:Spanisch
Veröffentlicht: Buenos Aires Claridad 1944
Schriftenreihe:Biblioteca de obras completas, 2
Schlagworte:
Tags: Tag hinzufügen
Keine Tags, Fügen Sie den ersten Tag hinzu!

MARC

LEADER 00000nam a2200000 a 4500
001 UCV8789
003 CL-VaPUC
008 911211e19440000AG |||||||||||||||||spa|d
082 0 4 |a 841  |b VER  |2 21 
100 |a Verlaine, Paul Marie  |d 1844-1896  |e author  |9 266693 
245 1 0 |a Obras completas: en prosa y verso 
300 |a 645 p 
942 |c BK 
945 |d 19911211 00:00:00 
260 |a Buenos Aires  |b Claridad  |c 1944 
650 0 |a Poesías francesas  |9 265467 
583 |a last modification  |c 19911211 00:00:00  |k Rodrigo Vera 
490 0 |a Biblioteca de obras completas, 2 
999 |c 214245  |d 214243 
952 |0 0  |1 0  |4 0  |6 841_000000000000000_VER_1944  |7 0  |8 P  |9 197428  |a BIBARQ  |b BIBARQ  |d 2019-11-14  |i 2650908  |o 841 VER 1944  |p 2650908  |r 2025-01-20  |w 2019-11-14  |y BK  |k ARQ